000
00323nam a22001457a 4500
008
210511b ||||| |||| 00| 0 eng d
020
_a
9780766027077
041
_a
eng
080
_a
82
082
_a
82
100
_a
21
101
_a
GJL
245
_a
A Student's Guide to Jack London
_c
Buckwalter,S
942
_2
udc
_c
BK
999
_c
57233
_d
57233